000 00424nam a2200169 a 4500
001 0000-8584
003 ELIB.Books
008 110520 1977
035 _a(ELIB.Books)0000-8730
082 _a234.2
_bHod
100 _aHodge, Charles
245 _aThe Way of Life
260 _bGrand Rapids; Baker Book House Company
_c1977
650 _aSalvation
942 _2ddc
_cBK
998 _cbat
_e2011-05-20
999 _c8584
_d8584